[Event "Borzhomi"]
[Site "Borzhomi"]
[Date "1988.??.??"]
[Round "?"]
[White "Shirov, Alexei"]
[Black "Janjgava, Lasha"]
[Result "0-1"]
[WhiteElo "2380"]
[BlackElo "2470"]

1.d4 Nf6 2.c4 e6 3.Nc3 Bb4 4.e3 b6 5.Ne2 Bb7 6.a3 Be7 7.Ng3 d5 8.cxd5 exd5
9.b4 g6 10.Qb3 O-O 11.Bd3 c6 12.O-O Nbd7 13.e4 dxe4 14.Ngxe4 Nxe4 15.Nxe4 Nf6
16.Bh6 Re8 17.Bc4 Nd5 18.Qf3 a6 19.Rfe1 f5 20.Nc3 Qd7 21.Re5 Rad8 22.Rae1 Kf7
23.Nxd5 cxd5 24.Bd3 Bf6 25.g4 Bxe5 26.dxe5 d4 27.Qf4 Qd5 28.f3 Qxf3 29.e6+ Kg8
30.Qxf3 Bxf3 31.gxf5 gxf5 32.Kf2 Bh5 33.Bc4 Rc8 34.Rg1+ Bg6 35.Bd5 Kh8 36.h4 f4
37.h5 Rc2+ 38.Kf3 Bxh5+ 39.Kxf4 Bg6 40.Ke5 d3 41.Rf1 Rh2 42.Bf4 Re2+ 43.Kd4 h5
44.Be5+ Kh7 45.Rc1 Rc2 46.Rf1 a5 47.Bf6 Re2 48.Bg5 d2 49.Rd1 Bf5  0-1

[Event "Borzhomi"]
[Site "Borzhomi"]
[Date "1988.??.??"]
[Round "?"]
[White "Ulibin, Mikhail"]
[Black "Shirov, Alexei"]
[Result "1/2-1/2"]
[WhiteElo "2390"]
[BlackElo "2380"]

1.e4 c5 2.Nf3 d6 3.d4 cxd4 4.Nxd4 Nf6 5.Nc3 g6 6.Be3 Bg7 7.f3 O-O 8.Qd2 Nc6
9.Bc4 Bd7 10.O-O-O Ne5 11.Bb3 Rc8 12.h4 h5 13.Bg5 Rc5 14.f4 Nc4 15.Qd3 b5
16.e5 Ng4 17.exd6 Rxg5 18.hxg5 Nf2 19.Qe2 Nxd1 20.Rxd1 Nxd6 21.Qd3 b4 22.Nd5 a5
23.Qa6 Kh8 24.Nc6 Bxc6 25.Qxc6 Nf5 26.c3 bxc3 27.bxc3 Qb8 28.g4 Rc8 29.Qb6 Rxc3+
30.Kb1 Qxb6 31.Nxb6 hxg4 32.Bxf7 Kh7 33.Rd8 Bd4 34.Nd7 Re3 35.Rg8 Bg7 36.Rd8 Re1+
37.Kc2 Ba1 38.Rg8 Nd4+ 39.Kd2 Nf3+ 40.Kc2 Re2+ 41.Kb1 Bg7 42.Ra8 Re1+  1/2-1/2

[Event "Borzhomi"]
[Site "Borzhomi"]
[Date "1988.??.??"]
[Round "?"]
[White "Sorokin, Maxim"]
[Black "Shirov, Alexei"]
[Result "1/2-1/2"]
[WhiteElo "2390"]
[BlackElo "2380"]

1.Nf3 d5 2.d4 Bf5 3.c4 e6 4.Qb3 Nc6 5.Bg5 Nxd4 6.Nxd4 Qxg5 7.Qa4+ c6 8.Nc3 Ne7
9.Rd1 g6 10.cxd5 exd5 11.Nxf5 Nxf5 12.h4 Qf6 13.g4 d4 14.Nd5 Qe5 15.Bg2 Ne7
16.f4 Qd6 17.Qxd4 Nxd5 18.Qxh8 Qb4+ 19.Rd2 O-O-O 20.a3 Qxd2+ 21.Kxd2 Bb4+
22.axb4 Rxh8 23.Bxd5 cxd5 24.h5 Re8 25.hxg6 hxg6 26.Rh7 Re7 27.f5 gxf5 28.gxf5 Kc7
29.Rh6 Re4 30.Rf6 Rxb4 31.Kc3 Rb6 32.Rxf7+ Kd6 33.Rf6+ Ke5 34.Rxb6 axb6 35.Kb4 Kxf5
36.Kb5 Ke4 37.Kxb6 Ke3 38.Kc5 Kxe2 39.Kxd5 Kd3 40.Kc5  1/2-1/2

[Event "Borzhomi"]
[Site "Borzhomi"]
[Date "1988.??.??"]
[Round "?"]
[White "Shirov, Alexei"]
[Black "Komarov, Dimitri"]
[Result "1-0"]
[WhiteElo "2380"]
[BlackElo "2390"]

1.d4 d5 2.c4 c6 3.cxd5 cxd5 4.Nc3 Nf6 5.Bf4 Nc6 6.Nf3 Bf5 7.e3 e6 8.Bb5 Nd7
9.Qa4 Rc8 10.O-O a6 11.Bxc6 Rxc6 12.Rfc1 Be7 13.Nd1 b5 14.Qb3 Qb6 15.a4 O-O
16.Rxc6 Qxc6 17.axb5 axb5 18.Ra7 Rc8 19.Qc3 Bf8 20.Qxc6 Rxc6 21.Rxd7 Rc1
22.Kf1 e5 23.Rxd5 Be6 24.Rxe5 Rxd1+ 25.Ke2 Rb1 26.d5 Rxb2+ 27.Kd3 Bd7 28.d6 b4
29.Ra5 Rb3+ 30.Kc2 Rc3+ 31.Kb2 Rc8 32.Ra7 Rd8 33.Ne5 Be6 34.Nc6 Rc8 35.Nd4 Rd8
36.Nxe6 fxe6 37.Ra6 g5 38.Be5 Bg7 39.Bxg7 Kxg7 40.Kb3 Kf6 41.Kxb4 Rb8+ 42.Kc5 Rb2
43.Ra8 Rc2+ 44.Kb6 Rb2+ 45.Kc7 Rc2+ 46.Kd7 Kf7 47.Re8 Rxf2 48.Re7+ Kf8 49.Kxe6 Re2
50.d7 Rxe3+ 51.Kf6  1-0

[Event "URS-FL56"]
[Site "Klaipeda"]
[Date "1988.??.??"]
[Round "?"]
[White "Lukin, Andrei M"]
[Black "Shirov, Alexei"]
[Result "1/2-1/2"]
[WhiteElo "2430"]
[BlackElo "2380"]

1.e4 c5 2.b3 Nc6 3.Bb2 e5 4.f4 exf4 5.Bc4 Qh4+ 6.Kf1 Nf6 7.Nf3 Qh6 8.Nc3 d6
9.Nb5 Kd8 10.e5 Ne4 11.d4 cxd4 12.Nbxd4 Bd7 13.Bxf7 Nxe5 14.Nxe5 dxe5 15.Ne6+ Kc8
16.Qd5 f3 17.Qxe4 fxg2+ 18.Qxg2 Bxe6 19.Bxe6+ Qxe6 20.Qe4 Bd6 21.Kg2 Kc7
22.Rhe1 Rae8 23.Rad1 Qg6+ 24.Qxg6 hxg6 25.Re4 Re6  1/2-1/2

[Event "URS-FL56"]
[Site "Klaipeda"]
[Date "1988.??.??"]
[Round "?"]
[White "Guseinov, Aidyn"]
[Black "Shirov, Alexei"]
[Result "0-1"]
[WhiteElo "2325"]
[BlackElo "2380"]

1.e4 c5 2.Nc3 d6 3.g3 Nc6 4.Bg2 e5 5.d3 g6 6.f4 Bg7 7.Nh3 Nge7 8.Be3 Nd4
9.O-O Bd7 10.fxe5 dxe5 11.Nd5 Nxd5 12.exd5 Rc8 13.b4 b6 14.bxc5 bxc5 15.c4 O-O
16.Rb1 h6 17.Kh1 Rb8 18.Qd2 Kh7 19.Ng1 Qc7 20.Bxd4 exd4 21.Bh3 f5 22.Nf3 Rfe8
23.Rbe1 g5 24.Nxg5+ hxg5 25.Qxg5 Qd6 26.Bxf5+ Bxf5 27.Qxf5+ Qg6 28.Rxe8 Rxe8
29.Kg2 Re2+ 30.Kh3 Rxa2 31.d6 Ra6 32.Qxc5 Qxd6 33.Qf5+ Qg6 34.Rf4 Qxf5+ 35.Rxf5 Ra3
36.Rf3 a5 37.Kg4 a4 38.Kf5 Ra1 39.Ke6 a3 40.Kd5 Rd1 41.Rf2 Rxd3 42.c5 Rc3
43.Rf1 a2  0-1

[Event "URS-FL56"]
[Site "Klaipeda"]
[Date "1988.??.??"]
[Round "?"]
[White "Shirov, Alexei"]
[Black "Rozentalis, Eduardas"]
[Result "0-1"]
[WhiteElo "2380"]
[BlackElo "2490"]

1.Nf3 Nf6 2.g3 b6 3.Bg2 Bb7 4.O-O e6 5.d3 c5 6.e4 d5 7.Nbd2 Be7 8.e5 Nfd7
9.Re1 Nc6 10.Nf1 g5 11.h3 h6 12.c3 Qc7 13.d4 O-O-O 14.Be3 f6 15.exf6 Bxf6
16.b4 c4 17.h4 Rhg8 18.hxg5 hxg5 19.N1h2 Rdf8 20.Bh3 Nd8 21.Qd2 Rh8 22.Bg4 Kb8
23.Nxg5 e5 24.Ngf3 Ka8 25.Bxd7 Qxd7 26.Bh6 e4 27.Bxf8 exf3 28.g4 Rxh2 29.Qf4 Rg2+
30.Kf1 Bh4 31.Re3 Rxf2+ 32.Kg1 Rg2+ 33.Kh1 Rxg4 34.Qxf3 Bg5 35.Re2 Rf4 36.Qg3 Qh7+
37.Kg1 Rxf8  0-1

[Event "URS-FL56"]
[Site "Klaipeda"]
[Date "1988.??.??"]
[Round "?"]
[White "Shirov, Alexei"]
[Black "Ionov, Sergey"]
[Result "1/2-1/2"]
[WhiteElo "2380"]
[BlackElo "2360"]

1.d4 Nf6 2.c4 e6 3.Nc3 Bb4 4.e3 O-O 5.Bd3 d5 6.cxd5 exd5 7.Ne2 Bd6 8.Qc2 c6
9.Bd2 Re8 10.Ng3 Be6 11.Rb1 a5 12.a3 Nbd7 13.b4 axb4 14.axb4 b5 15.Nce2 Ra3
16.Bc1 Ra6 17.f3 Qe7 18.O-O h5 19.Nf5 Bxf5 20.Bxf5 Nf8 21.Bd2 Bc7 22.Ra1 Rea8
23.Rxa6 Rxa6 24.Bd3 Qd6 25.g3 Ne6 26.Kg2 h4 27.Bc3 Ng5 28.Nf4 Qe7 29.Bd2 Bd8
30.Qc3 hxg3 31.hxg3 Ne6 32.Nxe6 Qxe6 33.Ra1 Rxa1 34.Qxa1 g6 35.Qa8 Qd6 36.Bc3 Nh5
37.Be1 Kh7 38.g4 Ng7 39.Bg3 Qd7 40.Be5 Be7 41.e4 Bxb4 42.exd5 Qxd5 43.Be4 Qc4
44.Qxc6 Qe2+ 45.Kh1  1/2-1/2

[Event "URS-FL56"]
[Site "Klaipeda"]
[Date "1988.??.??"]
[Round "?"]
[White "Dolmatov, Sergey"]
[Black "Shirov, Alexei"]
[Result "1-0"]
[WhiteElo "2550"]
[BlackElo "2380"]

1.e4 c5 2.Nf3 d6 3.d4 cxd4 4.Nxd4 Nf6 5.Nc3 g6 6.Be3 Bg7 7.f3 O-O 8.Qd2 Nc6
9.g4 Be6 10.O-O-O Nxd4 11.Bxd4 Qa5 12.a3 Rfc8 13.h4 Rab8 14.Nd5 Qxd2+ 15.Rxd2 Nxd5
16.exd5 Bxd5 17.Bxg7 Bxf3 18.Rh3 Bxg4 19.Rg3 Kxg7 20.Rxg4 f5 21.Ra4 a6 22.Rb4 h6
23.Rd5 b5 24.a4 Rc5 25.Rxc5 dxc5 26.Rb3 Kf6 27.axb5 axb5 28.Rxb5 Rxb5 29.Bxb5 e5
30.Kd2 g5 31.h5 e4 32.Ke3 Ke5 33.Bd7 f4+ 34.Ke2 Kd4 35.c3+ Kd5 36.b3 Kd6
37.Bc8 Ke5 38.Kf2 Kd5 39.Kf1 Kd6 40.Kg1 Kd5 41.Kf2 Kd6 42.Kg2 Ke5 43.Bg4 Kd5
44.Bf5 Ke5 45.Bc8 Kd5 46.Kh3 Ke5 47.Kg4 Kd6 48.Bb7  1-0

[Event "URS-FL56"]
[Site "Klaipeda"]
[Date "1988.??.??"]
[Round "?"]
[White "Mikhalchishin, Adrian"]
[Black "Shirov, Alexei"]
[Result "1-0"]
[WhiteElo "2480"]
[BlackElo "2380"]

1.e4 c5 2.Nf3 d6 3.d4 cxd4 4.Nxd4 Nf6 5.Nc3 g6 6.Be3 Bg7 7.f3 O-O 8.Qd2 Nc6
9.Bc4 Bd7 10.O-O-O Qb8 11.h4 b5 12.Bd5 Rc8 13.Kb1 b4 14.Nce2 Nxd5 15.Nxc6 Rxc6
16.exd5 Ra6 17.Bd4 Qb5 18.Bxg7 Rc8 19.b3 Kxg7 20.g4 h5 21.Nc1 Kg8 22.Rhg1 Rc3
23.Qf4 Kf8 24.gxh5 Bf5 25.Qxf5  1-0

[Event "Spring op"]
[Site "Budapest"]
[Date "1989.??.??"]
[Round "?"]
[White "Shirov, Alexei"]
[Black "Forintos, Gyozo V"]
[Result "1-0"]
[WhiteElo "2450"]
[BlackElo "2390"]

1.Nf3 c5 2.g3 g6 3.c3 Bg7 4.d4 Qa5 5.d5 d6 6.e4 Nf6 7.Nbd2 Nbd7 8.Bg2 Qa6
9.c4 b5 10.O-O Rb8 11.Qc2 O-O 12.Re1 Ng4 13.Bf1 b4 14.h3 Ngf6 15.a3 Ne8 16.Nb3 Qb6
17.axb4 Qxb4 18.Na5 Bb7 19.Re3 Qb6 20.Rea3 Nef6 21.Nb3 Ra8 22.Bd2 a6 23.Bd3 Rfb8
24.Ba5 Qa7 25.Qe2 Ne8 26.R1a2 Bc8 27.Kg2 Rb7 28.Bd2 Rb6 29.Na5 Nb8 30.e5 Qd7
31.e6 fxe6 32.dxe6 Qxe6 33.Be4 Qxh3+ 34.Kg1 Ra7 35.Ng5 Bg4 36.Bd5+ Kh8 37.Rf3 Bxf3
38.Qxf3 Qh5  1-0

[Event "URS-sf"]
[Site "Daugavpils"]
[Date "1989.??.??"]
[Round "?"]
[White "Kengis, Edvins"]
[Black "Shirov, Alexei"]
[Result "1/2-1/2"]
[WhiteElo "2465"]
[BlackElo "2495"]

1.e4 c5 2.Nf3 d6 3.c3 Nf6 4.Be2 g6 5.O-O Bg7 6.Bb5+ Nbd7 7.Re1 O-O 8.d4 e5
9.dxe5 dxe5 10.Bg5 Qc7 11.Na3 a6 12.Bxd7 Nxd7 13.Nc4 b5 14.Qd6 Ra7 15.Qxc7 Rxc7
16.Nd6 Nb6 17.Nxc8 Rfxc8 18.Rad1 f6 19.Be3 Kf7 20.g4 Rd7 21.Rxd7+ Nxd7 22.Kf1 Ke6
23.Rd1 Bf8 24.Ke2 c4 25.a4 bxa4 26.Nd2 Rc6 27.Ra1 a3 28.bxa3 Nc5 29.Bxc5 Bxc5
30.f3 Bf8 31.a4 Bh6 32.Rb1 Bxd2 33.Kxd2 Kd7 34.h4 h6 35.Rb7+ Rc7 36.Rb4 Rc6
37.Kc2 Kc7 38.h5 g5 39.a5 Rc5 40.Rb6 Rc6 41.Rb1 Rc5  1/2-1/2

[Event "URS-sf"]
[Site "Daugavpils"]
[Date "1989.??.??"]
[Round "?"]
[White "Lukin, Andrei M"]
[Black "Shirov, Alexei"]
[Result "1-0"]
[WhiteElo "2445"]
[BlackElo "2495"]

1.e4 c5 2.Nf3 d6 3.d4 cxd4 4.Nxd4 Nf6 5.Nc3 Nc6 6.Bc4 e6 7.Be3 Be7 8.Qe2 a6
9.Bb3 Qc7 10.f4 O-O 11.O-O-O Nxd4 12.Rxd4 b5 13.f5 exf5 14.exf5 Bxf5 15.g4 Be6
16.g5 Nd7 17.Qh5 Bf5 18.Rf1 Bg6 19.Qd1 Nc5 20.Bd5 Rab8 21.h4 b4 22.h5 Bxc2
23.Qxc2 bxc3 24.Qxc3 Ne6 25.Rc4 Qd7 26.h6 Bd8 27.g6  1-0

[Event "URS-sf"]
[Site "Daugavpils"]
[Date "1989.??.??"]
[Round "?"]
[White "Petrosian, Arshak B"]
[Black "Shirov, Alexei"]
[Result "1-0"]
[WhiteElo "2490"]
[BlackElo "2495"]

1.d4 Nf6 2.c4 g6 3.Nc3 Bg7 4.e4 d6 5.Be2 O-O 6.Bg5 h6 7.Be3 e5 8.d5 Nbd7
9.Qd2 Nc5 10.f3 a5 11.Bd1 Nh5 12.Nge2 f5 13.Bc2 Qh4+ 14.Bf2 Qg5 15.Rg1 Nf6
16.Ng3 f4 17.Nge2 Qh5 18.h4 g5 19.hxg5 hxg5 20.O-O-O g4 21.Rh1 Qf7 22.Nxf4 exf4
23.Bxc5 dxc5 24.e5 Re8 25.Qxf4 Ra6 26.e6 Bxe6 27.dxe6 Qxe6 28.fxg4 Qxg4 29.Qxc7 Qc8
30.Nb5 Rf8 31.Qg3 Rd8 32.Qg6 Rxd1+ 33.Rxd1 Ra8 34.Nd6 Qg4 35.Qf7+  1-0

[Event "URS-sf"]
[Site "Daugavpils"]
[Date "1989.??.??"]
[Round "?"]
[White "Shirov, Alexei"]
[Black "Vitolinsh, Alvis"]
[Result "0-1"]
[WhiteElo "2495"]
[BlackElo "2425"]

1.d4 Nf6 2.c4 c5 3.d5 e5 4.Nc3 d6 5.e4 g6 6.h3 Bg7 7.Be3 O-O 8.g4 Kh8 9.Qd2 b5
10.cxb5 a6 11.Nf3 Qa5 12.Bd3 axb5 13.g5 Nh5 14.Nxb5 Qd8 15.Qe2 Na6 16.a3 Nf4
17.Bxf4 exf4 18.Kf1 Re8 19.Re1 c4 20.Bxc4 Nc5 21.Qc2 Qb6 22.b4 Na4 23.e5 dxe5
24.d6 Bb7 25.Qb3 Nb2 26.Qxb2 Bxf3 27.Rh2 e4 28.Qb3 Re5 29.a4 Rd8 30.a5 Qb7
31.Nd4 Bh5 32.b5 Rxd6 33.Nc6 Re8 34.Bxf7 Rf8 35.Bd5 e3 36.f3 Qd7 37.Be4 Rd2
38.Rxd2 exd2 39.Rd1 Qxh3+ 40.Kg1 Qg3+ 41.Kf1 Qh3+ 42.Kg1 Rd8 43.Kf2 Qh2+
44.Kf1 Re8 45.Rxd2 Qxd2 46.Qd5 Qc1+ 47.Kg2 Qe1 48.Qd3 h6 49.b6 Qg3+ 50.Kf1 Rxe4  0-1

[Event "Frunze op"]
[Site "Frunze"]
[Date "1989.??.??"]
[Round "?"]
[White "Shirov, Alexei"]
[Black "Ambarcumjan, Armen"]
[Result "1-0"]
[WhiteElo "2495"]
[BlackElo "2350"]

1.d4 Nf6 2.c4 e6 3.Nc3 d5 4.cxd5 exd5 5.Bg5 Be7 6.e3 Nbd7 7.Qc2 O-O 8.Bd3 Re8
9.Nge2 Nf8 10.O-O-O Be6 11.f3 Rc8 12.Kb1 c5 13.dxc5 Rxc5 14.Nd4 a6 15.h4 Qb8
16.g4 N6d7 17.Bxe7 Rxe7 18.g5 b5 19.Qf2 Nb6 20.f4 b4 21.Nce2 Bg4 22.b3 Qe8
23.Rde1 a5 24.Nc1 a4 25.f5 Re5 26.h5 axb3 27.axb3 Rc3 28.Rh4 Nc4 29.Rxg4 Na3+
30.Kb2 Qa8 31.Bb5 Qa5 32.Ba4 Nc4+ 33.Kb1 Nxe3 34.Rf4 Qc5 35.Na2 Rd3 36.Nc6 Nc4
37.Nxe5 Nd2+ 38.Kb2 d4 39.Nxd3  1-0

[Event "URS-chTJ"]
[Site "Kramatorsk"]
[Date "1989.??.??"]
[Round "?"]
[White "Sepp, Olav"]
[Black "Shirov, Alexei"]
[Result "0-1"]
[WhiteElo "2370"]
[BlackElo "2495"]

1.e4 c5 2.Nf3 d6 3.c3 Nf6 4.Be2 Nc6 5.d3 g6 6.O-O Bg7 7.Re1 O-O 8.Bf1 Ne8
9.Be3 e5 10.Qd2 f5 11.exf5 gxf5 12.Bh6 f4 13.Bxg7 Nxg7 14.h3 Nf5 15.Na3 Qf6
16.Nc2 d5 17.b4 cxb4 18.Nxb4 Nxb4 19.cxb4 Nd4 20.Nxe5 Bxh3 21.Qb2 Nf3+ 22.gxf3 Qg7+
23.Kh2 Bxf1 24.Rxf1 Rf5 25.Ng4 Rh5+  0-1

[Event "URS-ch U26"]
[Site "Tbilisi"]
[Date "1989.??.??"]
[Round "?"]
[White "Serper, Grigory"]
[Black "Shirov, Alexei"]
[Result "1/2-1/2"]
[WhiteElo "2435"]
[BlackElo "2450"]

1.e4 c5 2.Nf3 d6 3.d4 cxd4 4.Nxd4 Nf6 5.Nc3 Nc6 6.Be2 e5 7.Nf3 h6 8.O-O Be7
9.b3 O-O 10.Bb2 Be6 11.h3 Qd7 12.Re1 Bd8 13.Bf1 Ba5 14.a3 Ne7 15.b4 Bb6 16.Nb5 Rfd8
17.c4 Qc6 18.Nd2 Ng6 19.Nc3 Bd4 20.Qf3 a5 21.Rab1  1/2-1/2

[Event "Wch U20"]
[Site "Tunja"]
[Date "1989.??.??"]
[Round "1"]
[White "Shirov, Alexei"]
[Black "Huda, Rehan"]
[Result "1/2-1/2"]
[WhiteElo "2495"]
[BlackElo "2230"]

1.d4 Nf6 2.c4 c5 3.d5 b5 4.cxb5 a6 5.b6 Qxb6 6.Nc3 d6 7.e4 g6 8.a4 a5 9.f4 Bg7
10.Bb5+ Nbd7 11.Nf3 O-O 12.O-O c4+ 13.Kh1 Ba6 14.Qe2 Bxb5 15.Be3 Nc5 16.Nxb5 Nfd7
17.Nd2 Qb7 18.Qxc4 Rfc8 19.Qe2 Bxb2 20.Ra2 Bg7 21.Bxc5 Nxc5 22.f5 Rab8  1/2-1/2

[Event "Wch U20"]
[Site "Tunja"]
[Date "1989.??.??"]
[Round "5"]
[White "Shirov, Alexei"]
[Black "Rodriguez, Andres"]
[Result "1/2-1/2"]
[WhiteElo "2495"]
[BlackElo "2295"]

1.d4 e6 2.c4 Nf6 3.Nc3 b6 4.f3 d5 5.a3 Be7 6.e4 c5 7.e5 Nfd7 8.cxd5 exd5
9.Nxd5 cxd4 10.Nxe7 Qxe7 11.f4 f6 12.Nf3 fxe5 13.Bc4 d3 14.fxe5 Nxe5 15.Nxe5 Qxe5+
16.Kd2 Qf4+ 17.Kxd3 Bf5+ 18.Kc3 Qe5+ 19.Qd4 Qxd4+ 20.Kxd4 Nc6+ 21.Kc3 O-O-O
22.Rf1 Bd7 23.Bf4 Rde8 24.Rad1 Rhf8  1/2-1/2

[Event "Wch U20"]
[Site "Tunja"]
[Date "1989.??.??"]
[Round "9"]
[White "Shirov, Alexei"]
[Black "Ulibin, Mikhail"]
[Result "1/2-1/2"]
[WhiteElo "2495"]
[BlackElo "2495"]

1.Nf3 Nf6 2.g3 g6 3.Bg2 Bg7 4.c4 c6 5.Nc3 d5 6.cxd5 cxd5 7.d4 O-O 8.Ne5 e6
9.Bg5 Qb6 10.Qd2 Nfd7 11.Be3 Nc6 12.Nxc6 bxc6 13.Rc1 a5 14.O-O Ba6 15.Rfd1 Rfc8
16.Rc2 Qb4 17.Bh6  1/2-1/2

[Event "Wch U20"]
[Site "Tunja"]
[Date "1989.??.??"]
[Round "10"]
[White "Gdanski, Jacek"]
[Black "Shirov, Alexei"]
[Result "1-0"]
[WhiteElo "2405"]
[BlackElo "2495"]

1.e4 c5 2.Nf3 d6 3.d4 cxd4 4.Nxd4 Nf6 5.Nc3 Nc6 6.Be3 e5 7.Nf3 h6 8.h3 Be6
9.Be2 Be7 10.O-O O-O 11.Re1 Rc8 12.Bf1 Qd7 13.Qe2 Bd8 14.Red1 Ba5 15.Bc5 Bxc3
16.Rxd6 Qc7 17.bxc3 Rfe8 18.Rdd1 Qa5 19.Bd6 Qxc3 20.Rab1 b6 21.a3 Rcd8 22.Rd3 Qa5
23.Qe1 Bc4 24.Bb4 Qa6 25.Rxd8 Nxd8 26.Qe3 Bxf1 27.Rxf1 Qc4 28.Qd3 Qxe4 29.Qxe4 Nxe4
30.Re1 f5 31.Nh4 g6 32.Nxg6 a5 33.Ne7+ Rxe7 34.Bxe7 Nc6 35.Bh4 Kf7 36.f3 Nd6
37.Bf2 Nc4 38.a4 Ke6 39.Rb1 Nb4 40.c3 Nd5 41.Rc1 Nf4 42.Rb1 Kd5 43.Kh2 Kc6
44.g4 e4 45.fxe4 fxe4 46.Bd4 e3 47.Re1 Nd3 48.Rxe3 Nxe3 49.Bxe3 Nb2 50.h4 b5  1-0

[Event "Val Maubuee"]
[Site "Val Maubuee"]
[Date "1989.??.??"]
[Round "2"]
[White "Sellos, Didier"]
[Black "Shirov, Alexei"]
[Result "1-0"]
[WhiteElo "2405"]
[BlackElo "2450"]

1.e4 c5 2.Nf3 d6 3.d4 cxd4 4.Nxd4 Nf6 5.Nc3 g6 6.Be3 Bg7 7.f3 O-O 8.Qd2 Nc6
9.O-O-O d5 10.exd5 Nxd5 11.Nxc6 bxc6 12.Bd4 e5 13.Bc5 Be6 14.Ne4 Re8 15.h4 h6
16.g4 Qc7 17.g5 h5 18.Rh2 Rad8 19.Qe1 f5 20.gxf6 Nxf6 21.Nd6 Re7 22.Rg2 Red7
23.Rxg6 Rxd6 24.Rxd6 Rxd6 25.Bxd6 Qxd6 26.Qg3 Qf8 27.Qxe5 Bxa2 28.b3 Nd5
29.Bc4 a5 30.Bxd5+ cxd5 31.Qxd5+ Kh7 32.Qxh5+ Kg8 33.Qe5  1-0

[Event "Val Maubuee"]
[Site "Val Maubuee"]
[Date "1989.??.??"]
[Round "6"]
[White "Kosten, Anthony C"]
[Black "Shirov, Alexei"]
[Result "1/2-1/2"]
[WhiteElo "2505"]
[BlackElo "2450"]

1.e4 c5 2.Nc3 Nc6 3.f4 g6 4.Nf3 Bg7 5.Bb5 Nd4 6.O-O Nxb5 7.Nxb5 d5 8.d3 a6
9.Nc3 Bxc3 10.bxc3 dxe4 11.dxe4 Qxd1 12.Rxd1 Nf6 13.Re1 b5 14.Ba3 Bb7 15.Bxc5 Nxe4
16.Bd4 O-O 17.Re3 Rfd8 18.Rae1 f5 19.a3 Rac8 20.Ne5 a5 21.Rb1 Rd5 22.Nf3 Rc4  1/2-1/2

[Event "Val Maubuee"]
[Site "Val Maubuee"]
[Date "1989.??.??"]
[Round "7"]
[White "Shirov, Alexei"]
[Black "Andruet, Gilles"]
[Result "1-0"]
[WhiteElo "2450"]
[BlackElo "2420"]

1.d4 Nf6 2.c4 c5 3.d5 b5 4.cxb5 a6 5.b6 e6 6.Nc3 Bb7 7.e4 exd5 8.exd5 d6
9.a4 Qxb6 10.Bc4 Nbd7 11.f4 Be7 12.Nge2 O-O 13.O-O Rab8 14.a5 Qa7 15.Ng3 Qa8
16.b3 Ne8 17.Bb2 Bf6 18.Ra2 Bd4+ 19.Kh1 g6 20.Ba1 Nc7 21.Rd2 Bxd5 22.Nxd5 Nxd5
23.Rf3 N5f6 24.Bxd4 cxd4 25.Rxd4 d5 26.Bxd5 Nxd5 27.Rxd5 Nf6 28.Rd6 Ne8 29.Rd4 Rb5
30.b4 Ng7 31.Ne4 Qc6 32.Rc3 Qe6 33.Nc5 Qc8 34.Rcc4 Ne6 35.Ne4 Nxd4 36.Rxc8 Rxc8
37.Nd6 Rc6 38.Nxb5 Nxb5  1-0

[Event "Val Maubuee"]
[Site "Val Maubuee"]
[Date "1989.??.??"]
[Round "8"]
[White "Abramovic, Bosko"]
[Black "Shirov, Alexei"]
[Result "1/2-1/2"]
[WhiteElo "2485"]
[BlackElo "2450"]

1.e4 c5 2.Nc3 Nc6 3.g3 g6 4.Bg2 Bg7 5.d3 e6 6.Nf3 Nge7 7.h4 d5 8.h5 b5 9.hxg6 hxg6
10.Rxh8+ Bxh8  1/2-1/2

[Event "Val Maubuee"]
[Site "Val Maubuee"]
[Date "1989.??.??"]
[Round "9"]
[White "Shirov, Alexei"]
[Black "Flear, Glenn C"]
[Result "1/2-1/2"]
[WhiteElo "2450"]
[BlackElo "2500"]

1.d4 d5 2.c4 e6 3.Nc3 Nf6 4.Nf3 dxc4 5.e4 Bb4 6.Bg5 c5 7.e5 cxd4 8.Qa4+ Nc6
9.O-O-O Bd7 10.Ne4 Be7 11.exf6 gxf6 12.Bh4 Rc8  1/2-1/2

[Event "Daugavpils"]
[Site "Daugavpils"]
[Date "1990.??.??"]
[Round "?"]
[White "Bagirov, Vladimir"]
[Black "Shirov, Alexei"]
[Result "1/2-1/2"]
[WhiteElo "2470"]
[BlackElo "2500"]

1.d4 Nf6 2.c4 g6 3.Nc3 Bg7 4.e4 d6 5.h3 O-O 6.Bg5 Nbd7 7.Nf3 e5 8.d5 a5 9.g4 Nc5
10.Nd2 c6 11.Be2 Bd7 12.a4 Qb6 13.Qc2 Rfc8 14.Kf1 cxd5 15.exd5  1/2-1/2

[Event "Daugavpils"]
[Site "Daugavpils"]
[Date "1990.??.??"]
[Round "?"]
[White "Gipslis, Aivars"]
[Black "Shirov, Alexei"]
[Result "1/2-1/2"]
[WhiteElo "2480"]
[BlackElo "2500"]

1.e4 c5 2.Nf3 d6 3.d4 cxd4 4.Nxd4 Nf6 5.Nc3 g6 6.Be2 Bg7 7.O-O O-O 8.Nb3 Nc6
9.Bg5 a6 10.f4 b5 11.Bf3 b4 12.Na4 Qc7 13.c4 Nd7 14.Kh1 a5 15.Qd2 Nb6 16.Nxb6 Qxb6
17.Bh4 a4 18.Bf2 Qa6 19.Nd4 Bxd4 20.Bxd4 Qxc4 21.Bf2 Bb7 22.e5 dxe5 23.fxe5 Rad8
24.Qc1 Qe6 25.Qf4 f6 26.exf6 Rxf6 27.Qe3 Qxe3 28.Bxe3 Na5 29.Bg5 Re6 30.Bxb7 Nxb7
31.Rae1 Rxe1 32.Rxe1 Nc5 33.Bxe7 Re8 34.Bh4 Rxe1+ 35.Bxe1 Nd3 36.Bd2 Kf7
37.Kg1 Ke6 38.Kf1 Kd5 39.Ke2 Ke4 40.g3 h5 41.h3 b3  1/2-1/2

[Event "Daugavpils"]
[Site "Daugavpils"]
[Date "1990.??.??"]
[Round "?"]
[White "Terentiev, Sergei"]
[Black "Shirov, Alexei"]
[Result "1/2-1/2"]
[WhiteElo "2360"]
[BlackElo "2500"]

1.e4 c5 2.Nf3 d6 3.d4 cxd4 4.Nxd4 Nf6 5.Nc3 Nc6 6.g3 g6 7.Bg2 Nxd4 8.Qxd4 Bg7
9.Bg5 h6 10.Be3 O-O 11.Qd2 Ng4 12.Bd4 Ne5 13.b3 Be6 14.Nd5 Bxd5  1/2-1/2

[Event "Troll Masters"]
[Site "Gausdal"]
[Date "1990.??.??"]
[Round "1"]
[White "Martin, Andrew D"]
[Black "Shirov, Alexei"]
[Result "1/2-1/2"]
[WhiteElo "2435"]
[BlackElo "2500"]

1.d4 Nf6 2.Nf3 d5 3.e3 c6 4.c4 e6 5.Nbd2 Nbd7 6.Be2 a6 7.O-O dxc4 8.Nxc4 b5
9.Nce5 Bb7 10.a4 Bd6 11.b3 O-O 12.Bb2 Qb8 13.Qb1 c5 14.axb5 axb5 15.Rd1  1/2-1/2

[Event "Troll Masters"]
[Site "Gausdal"]
[Date "1990.??.??"]
[Round "4"]
[White "Shirov, Alexei"]
[Black "King, Daniel J"]
[Result "1-0"]
[WhiteElo "2500"]
[BlackElo "2515"]

1.d4 e6 2.c4 Bb4+ 3.Nc3 c5 4.d5 Nf6 5.f3 exd5 6.cxd5 d6 7.e4 O-O 8.Ne2 a6
9.Ng3 b5 10.a4 bxa4 11.Qxa4 Nbd7 12.Be2 Nb6 13.Qc2 a5 14.O-O c4 15.Nd1 Nfd7
16.Ne3 Ba6 17.Nef5 g6 18.Nh6+ Kh8 19.Be3 a4 20.f4 f6 21.Rad1 Qc7 22.Kh1 Kg7
23.f5 Ne5 24.fxg6 hxg6 25.Ng4 Nxg4 26.Bxg4 c3 27.Rf3 Nc4 28.Be6 Nxe3 29.Rxe3 Rh8
30.Rf3 Qc4 31.bxc3 Bc5 32.e5 dxe5 33.Nf5+ gxf5 34.Rg3+ Kf8 35.Qxf5 Qf4 36.Qg6 Ra7
37.Rh3 Rxh3 38.Qg8+ Ke7 39.d6+  1-0

[Event "Troll Masters"]
[Site "Gausdal"]
[Date "1990.??.??"]
[Round "6"]
[White "Inkiov, Ventzislav"]
[Black "Shirov, Alexei"]
[Result "1-0"]
[WhiteElo "2510"]
[BlackElo "2500"]

1.e4 c5 2.Nf3 d6 3.d4 cxd4 4.Nxd4 Nf6 5.Nc3 Nc6 6.g3 g6 7.Bg2 Bg7 8.Nxc6 bxc6
9.e5 Nd7 10.exd6 Ba6 11.Bf1 Bxf1 12.Kxf1 O-O 13.Bg5 Nf6 14.dxe7 Qxe7 15.Qf3 Qe5
16.Qf4 Nd5 17.Qxe5 Bxe5 18.Nxd5 cxd5 19.c3 Rab8 20.Re1 Bg7 21.Re2 Rfe8 22.Be3 Rb7
23.Kg2 d4 24.cxd4 Bxd4 25.b3 Bxe3 26.Rxe3 Rxe3 27.fxe3 Rc7 28.Rf1 Kf8 29.Rf2 Ke7
30.Rd2 Rc1 31.Kf3 Ra1 32.Ke4 Ke6 33.Kd4 h5 34.e4 Rc1 35.Rf2 f6 36.Re2 g5
37.a4 Rb1 38.Kc4 Ke5 39.b4 Rc1+ 40.Kb5 Rc7 41.Ka6 Rc4 42.Kxa7 Rxb4 43.a5 h4
44.gxh4 gxh4 45.a6 Rb3 46.Ka8 h3 47.a7 Kf4 48.Rf2+ Kg5 49.Rf5+ Kg6 50.Rc5 Rb2
51.Rc3 Rxh2 52.Rb3 Kg5 53.Kb7 Ra2 54.Rxh3 Rb2+ 55.Kc6 Rc2+ 56.Kb6 Rb2+ 57.Kc5 Ra2
58.Rh7 Kf4 59.Re7  1-0

[Event "Troll Masters"]
[Site "Gausdal"]
[Date "1990.??.??"]
[Round "7"]
[White "Shirov, Alexei"]
[Black "Schussler, Harry"]
[Result "1-0"]
[WhiteElo "2500"]
[BlackElo "2490"]

1.d4 Nf6 2.c4 e6 3.Nc3 d5 4.cxd5 exd5 5.Bg5 Be7 6.e3 c6 7.Bd3 Nbd7 8.Nge2 O-O
9.Qc2 Re8 10.O-O-O Nf8 11.Kb1 a5 12.f3 Ne4 13.Bxe7 Nxc3+ 14.Nxc3 Qxe7 15.Rhe1 Be6
16.Qf2 Rad8 17.g4 Nd7 18.h4 Nb6 19.g5 c5 20.f4 Bg4 21.Rc1 cxd4 22.exd4 Qd7
23.f5 g6 24.f6 Rxe1 25.Rxe1 Re8 26.Bb5 Rxe1+ 27.Qxe1 Qe6 28.Qg3 h6 29.a3 Kh7
30.Ka2 Bf5 31.Qc7 Nc8 32.Qxb7 Nd6 33.Qe7 hxg5 34.hxg5 Ne4 35.Nxe4 dxe4+ 36.b3  1-0

[Event "Groningen"]
[Site "Groningen"]
[Date "1990.??.??"]
[Round "?"]
[White "Gulko, Boris F"]
[Black "Shirov, Alexei"]
[Result "1/2-1/2"]
[WhiteElo "2600"]
[BlackElo "2580"]

1.d4 Nf6 2.c4 g6 3.Nc3 Bg7 4.e4 d6 5.Nf3 O-O 6.h3 e5 7.d5 a5 8.Bg5 Na6 9.Bd3 h6
10.Be3 Nh5 11.Qd2 Nc5 12.Bc2 Nf4 13.Rh2 f5 14.exf5 Bxf5 15.Bxf5 gxf5 16.Kf1 Ne4
17.Nxe4 fxe4 18.Ng1 Rf6 19.Ne2 Qe8 20.Nxf4 exf4 21.Bxf4 b5 22.c5 dxc5 23.Re1 Qe7
24.f3 Qf7 25.Rxe4 Rd8 26.g3 Rxd5 27.Qe1 Qd7 28.Re7 Qf5 29.Rd2 Qxh3+ 30.Kg1 Rh5
31.g4 Qh1+ 32.Kf2 Rxf4 33.Rxg7+ Kxg7 34.Rd7+ Rf7 35.Qc3+ Kg8 36.Rd8+ Rf8
37.Rxf8+ Kxf8 38.Qf6+ Ke8 39.Qg6+ Ke7 40.Qg7+ Ke6 41.Qg8+ Kd7 42.Qf7+ Kc6
43.Qe8+  1/2-1/2